<The> Keizai Gaku annual report of the Economic Society Tohoku University

Salvato in:
Dettagli Bibliografici
Natura: Periodico
Lingua:giapponese
Pubblicazione: Kawauchi Tohoku University
Soggetti:
Tags: Aggiungi Tag
Nessun Tag, puoi essere il primo ad aggiungerne!!

MARC

LEADER 00000nas1a22000001 4500
001 s120153
005 20250623090713.0
022 |a 0387-3056 
041 0 |a jpn 
044 |a JP 
245 1 0 |a <The> Keizai Gaku  |b annual report of the Economic Society Tohoku University 
264 1 |a Kawauchi  |b Tohoku University 
610 2 0 |a teórie ekonomické 
610 2 0 |a ekonómia 
610 2 0 |a veda ekonomická